000 00749nam a22002177a 4500
003 DO-SdBN
005 20180208093923.0
008 171117b 1985 dr | |||| 00| 0 spa d
017 _a
_b
035 _a
040 _aBPMSU
_bspa
_cBPMSU
_e
080 _a
100 1 _aAnónimo
245 1 3 _aEl poema del Mio Cid /
_canónimo ; fragmentos escogidos y crítica por Lucila Marrero Aizpurúa ; [fragmentos escogidos del texto antiguo de Ramón Méndez Pidal y la versión moderna de Pedro Salinas].
_h
260 _aSanto Domingo :
_bCorripio,
_c1985.
300 _a225 p. :
_bil. ;
_c26 cm
500 _aLa biblioteca posee la 3ra. reimpresión de 1994.
942 _2ddc
_cBK
945 _aInventariado, 2018 /LP
956 _aBTAVAREZ
_b10
_f0038
999 _c12935
_d12935